000 00891cam a22002651 4500
001 gs 51000124
003 DLC
005 20260227111357.0
008 760812s1951 cau b s001 0 eng
010 _ags 51000124
035 _a(OCoLC)2367426
040 _aDLC
_cTxEU
_dWaChenE
_dDLC
043 _an-us-ca
050 0 0 _aTN24.C2
_bA3 no. 157
051 _aQE90.S142
_bC7
082 _a557.94
100 1 _aCrittenden, Max D.,
_cJr.
245 1 0 _aGeology of the San Jose-Mount Hamilton area, California.
260 _aSan Francisco,
_c1951.
300 _a74 p.
_billus., plates, 2 fold. col. maps (in pocket)
_c24 cm.
490 1 _aCalifornia. Dept. of Natural Resources. Division of Mines. Bulletin,
_v157
504 _aBibliography: p. 65-67.
650 0 _aGeology
_zCalifornia
_zSan Jose-Mount Hamilton Region.
830 0 _aBulletin (California. Division of Mines) ;
_vno. 157.
999 _c28551
_d28551